LEADER 01079nam0-2200385---450- 001 990009158700403321 005 20120503122412.0 010 $a978-88-420-8239-2 035 $a000915870 035 $aFED01000915870 035 $a(Aleph)000915870FED01 035 $a000915870 100 $a20100311d2009----km-y0itay50------ba 101 0 $aita 102 $aIT 105 $ay-------001yy 200 1 $a<>media digitali$etecnologie, linguaggi, usi sociali$fEnrico Menduni 205 $a2. ed. 210 $aRoma ; Bari$cLaterza$d2009 215 $a270 p.$d21 cm 225 1 $aManuali Laterza$v240 610 0 $aTelecomunicazioni 610 0 $aInternet$aDiffusione$aAspetti sociali 676 $a303.4833$v21$zita 676 $a302.231$v22$zita 700 1$aMenduni,$bEnrico$f<1948- >$0126234 801 0$aIT$bUNINA$gRICA$2UNIMARC 901 $aBK 912 $a990009158700403321 952 $aCollez. 1295 (240)$b44238$fFSPBC 952 $a302.231 MEN 1$b5630$fBFS 959 $aFSPBC 959 $aBFS 996 $aMedia digitali$9777873 997 $aUNINA LEADER 00925nam0-22003131i-450- 001 990003006850403321 035 $a000300685 035 $aFED01000300685 035 $a(Aleph)000300685FED01 035 $a000300685 100 $a20000920d1976----km-y0itay50------ba 101 0 $aita 102 $aIT 200 1 $aAlcune considerazioni sulla teoria dello sviluppo economico degli economisti classici$fTerenzio Cozzi. 210 $aTorino$cLitografia Artigiana$d1976. 215 $a28 p.$d23 cm 610 0 $aScuola classica 610 0 $aSviluppo 676 $aD/3 676 $aF/3.2 676 $aF/3.3 700 1$aCozzi,$bTerenzio$f<1939- >$089092 801 0$aIT$bUNINA$gRICA$2UNIMARC 901 $aBK 912 $a990003006850403321 952 $aA/6.0 COZ$b2534$fSES 959 $aSES 996 $aAlcune considerazioni sulla teoria dello sviluppo economico degli economisti classici$9468324 997 $aUNINA